000 00460nam a2200169Ia 4500
008 101006t2006 xxu||||| |||| 00| 0 sin d
041 _asin
080 _aX8S1
_bRAJ
100 _aRajakaruna, Ariya
245 _aසිංහල කාව්‍ය සංග්‍රහය
246 _aSinhala Kavya Sangrahaya
260 _bGunasena
_aColombo
_c2006
300 _b192p., 18 cm
942 _cBK
999 _c76842
_d76842
003 LK-CoDNM
040 _aLK-CoDNM
_dLK-CoDNM
_eLK-CoDNM